My Ten Favorite Countries By Continent - Statistics

General Stats
  • This quiz has been taken 50 times
  • The average score is 28 of 40
Answer Stats
Continent Country % Correct
Americas United States
98%
Americas Canada
95%
Europe France
93%
Europe Spain
93%
Americas Argentina
90%
Americas Mexico
90%
Europe United Kingdom
90%
Americas Brazil
88%
Americas Chile
85%
Europe Germany
85%
Europe Italy
85%
Europe Greece
83%
Africa South Africa
80%
Asia-Oceania Australia
78%
Africa Egypt
78%
Americas Colombia
75%
Asia-Oceania Japan
75%
Europe Austria
73%
Americas Peru
73%
Asia-Oceania New Zealand
70%
Africa Kenya
68%
Africa Morocco
68%
Europe Norway
68%
Americas Panama
68%
Africa Tunisia
68%
Africa Algeria
65%
Asia-Oceania South Korea
65%
Americas Costa Rica
63%
Europe Switzerland
63%
Africa Tanzania
63%
Asia-Oceania Turkey
60%
Asia-Oceania Israel
58%
Asia-Oceania Singapore
58%
Asia-Oceania United Arab Emirates
58%
Asia-Oceania Qatar
45%
Africa Seychelles
43%
Europe Ukraine
43%
Africa Ghana
40%
Asia-Oceania Kuwait
33%
Africa Angola
28%
No matching quizzes found
Score Distribution
Percent of People with Each Score
Percentile by Number Answered
Your Score History
You have not taken this quiz